Hóa lý : Dùng cho sinh viên Hóa các trường Đại học Tổng hợp và Sư phạm

Gespeichert in:
Bibliographische Detailangaben
1. Verfasser: Nguyễn, Văn Tuế
Format: Buch
Sprache:Undetermined
Veröffentlicht: Hà Nội Giáo Dục 2004
Schlagworte:
Tags: Tag hinzufügen
Keine Tags, Fügen Sie den ersten Tag hinzu!
Thư viện lưu trữ: Trung tâm Học liệu Trường Đại học Cần Thơ
LEADER 00647nam a2200205Ia 4500
001 CTU_104034
008 210402s9999 xx 000 0 und d
020 |c 23000 
082 |a 541.37 
082 |b T507/T.4 
100 |a Nguyễn, Văn Tuế 
245 0 |a Hóa lý : 
245 0 |b Dùng cho sinh viên Hóa các trường Đại học Tổng hợp và Sư phạm 
245 0 |c Nguyễn Văn Tuế 
260 |a Hà Nội 
260 |b Giáo Dục 
260 |c 2004 
650 |a Chemistry, physical and theoretical,Electrochemistry 
904 |i Minh 
980 |a Trung tâm Học liệu Trường Đại học Cần Thơ